[Event "FRA-chT4 1516"]
[Site "Champagne Ardennes"]
[Date "2016.01.31"]
[Round "5"]
[White "Rapinel, Franck"]
[Black "Leroy, Patrick"]
[Result "1/2-1/2"]
[WhiteElo "2120"]
[BlackElo "1925"]
[PlyCount "34"]
[EventDate "2015.12.06"]
[EventType "team-tourn"]
[EventRounds "7"]
[EventCountry "FRA"]
[SourceTitle "EXT 2024"]
[Source "ChessBase"]
[SourceDate "2023.10.10"]
[SourceVersion "1"]
[SourceVersionDate "2023.10.10"]
[SourceQuality "1"]

1. d4 e6 2. c4 c5 3. d5 exd5 4. cxd5 d6 5. Nc3 a6 6. a4 Ne7 7. Nf3 Ng6 8. g3 Be7 9. Bg2 Bf6 10. 0-0 0-0 11. Ne4 Be7 12. Qb3 b6 13. Rd1 Nd7 14. h4 Rb8 15. Qc2 Nf6 16. Nxf6+ Bxf6 17. Bg5 h6 1/2-1/2

[Event "FRA-ch op-C"]
[Site "Saint Quentin"]
[Date "2015.??.??"]
[Round "4"]
[White "Leroy, Patrick"]
[Black "Fournier, Nicolas"]
[Result "1-0"]
[WhiteElo "1758"]
[BlackElo "1885"]
[PlyCount "125"]
[EventDate "2015.08.09"]
[EventType "swiss"]
[EventRounds "11"]
[EventCountry "FRA"]
[SourceTitle "EXT 2016"]
[Source "ChessBase"]
[SourceDate "2015.10.08"]
[SourceVersion "1"]
[SourceVersionDate "2015.10.08"]
[SourceQuality "1"]

1. e4 a6 2. Nf3 e6 3. d4 d5 4. e5 c5 5. c3 Bd7 6. Bd3 Nc6 7. 0-0 Qc7 8. a3 b5 9. Qe2 f6 10. Bf4 Qb6 11. Be3 c4 12. Bc2 Qc7 13. Bf4 0-0-0 14. Bg3 h6 15. exf6 Qb6 16. fxg7 Bxg7 17. Nbd2 Nf6 18. b3 Nh5 19. Be5 Nxe5 20. Nxe5 Nf4 21. Qe3 Rdf8 22. g3 Bxe5 23. Qxe5 Rhg8 24. h4 Ng6 25. Bxg6 Rxg6 26. bxc4 dxc4 27. Rab1 Qa7 28. Ne4 Kd8 29. Nc5 Ke7 30. Rbe1 Qb6 31. Nxd7 Kxd7 32. Re2 Rf5 33. Qe4 h5 34. Kh2 Rg4 35. Qe3 Qd6 36. Kh3 Rg6 37. Rfe1 Qxa3 38. d5 Rxd5 39. Qa7+ Kc6 40. Qf7 Rg4 41. Rxe6+ Rd6 42. Rxd6+ Qxd6 43. Re6 b4 44. Rxd6+ Kxd6 45. Qxh5 Re4 46. cxb4 Re5 47. Qg6+ Re6 48. Qc2 Kd5 49. g4 Re4 50. g5 Kd4 51. g6 c3 52. g7 Re8 53. h5 a5 54. bxa5 Rb8 55. h6 Rb2 56. Qc1 Rxf2 57. g8Q Rf3+ 58. Kg4 Rf2 59. Qh8+ Ke4 60. Qe1+ Kd5 61. Qhe5+ Kc6 62. Q1xc3+ Kd7 63. Qcc7# 1-0

[Event "FRA-chT3"]
[Site "France"]
[Date "2011.11.13"]
[Round "2"]
[White "Leroy, Patrick"]
[Black "Parisot, Anthony"]
[Result "1/2-1/2"]
[WhiteElo "1840"]
[BlackElo "1667"]
[PlyCount "97"]
[EventDate "2012.01.20"]
[EventType "team-match"]
[EventRounds "9"]
[EventCountry "FRA"]
[SourceTitle "EXT 2014"]
[Source "ChessBase"]
[SourceDate "2013.11.20"]
[SourceVersion "1"]
[SourceVersionDate "2013.11.20"]
[SourceQuality "1"]

1. e4 c5 2. c3 d5 3. exd5 Qxd5 4. d4 Nf6 5. Nf3 Nc6 6. Be3 cxd4 7. cxd4 Bg4 8. Nc3 Qa5 9. Be2 e6 10. 0-0 Be7 11. h3 Bh5 12. Qb3 Qb4 13. Qxb4 Nxb4 14. a3 Nc6 15. Rad1 Rd8 16. g4 Bg6 17. Ne5 0-0 18. Bf3 Nd5 19. Nxd5 exd5 20. Nxg6 fxg6 21. Kg2 Bf6 22. g5 Be7 23. Bg4 Rfe8 24. Rd3 Bd6 25. Bf3 Ne7 26. Rc1 Rc8 27. Rdc3 Rxc3 28. Rxc3 Kf7 29. Rb3 b6 30. Bd2 Rc8 31. Rc3 Rxc3 32. Bxc3 Ke6 33. Bg4+ Nf5 34. Kf3 h5 35. gxh6 gxh6 36. Ke2 h5 37. Bf3 b5 38. Kd3 Bf4 39. b3 Bh2 40. a4 bxa4 41. bxa4 Bg1 42. Ke2 Nd6 43. Kf1 Bh2 44. Ke2 Ne4 45. Be1 Kf5 46. Bg2 g5 47. f3 Nf6 48. Bb4 Bc7 49. Bd2 1/2-1/2

[Event "Stuttgart-chB int"]
[Site "Ditzingen"]
[Date "2010.05.13"]
[Round "2"]
[White "Leroy, Patrick"]
[Black "Holzner, Tony"]
[Result "1/2-1/2"]
[WhiteElo "1835"]
[BlackElo "1685"]
[PlyCount "161"]
[EventDate "2010.05.13"]
[EventType "swiss"]
[EventRounds "7"]
[EventCountry "GER"]
[SourceTitle "EXT 2018"]
[Source "ChessBase"]
[SourceDate "2017.10.13"]
[SourceVersion "1"]
[SourceVersionDate "2017.10.13"]
[SourceQuality "1"]

1. e4 e6 2. d4 d5 3. exd5 exd5 4. Nc3 Nf6 5. Nf3 Bb4 6. Bd2 0-0 7. Ne2 Qe7 8. c3 Bd6 9. h3 Bf5 10. Bg5 Re8 11. Bxf6 Qxf6 12. Qb3 Nc6 13. Qxb7 Nb4 14. cxb4 Rab8 15. Qxd5 c6 16. Qc4 Rxb4 17. Qc3 Reb8 18. b3 Rxb3 19. Qxb3 Rxb3 20. axb3 Bb4+ 21. Kd1 a5 22. Rc1 Qe6 23. Nd2 g5 24. Ng3 Bg6 25. Bc4 Qf6 26. Nf3 h5 27. Rf1 h4 28. Ne2 Be4 29. Ne5 Bxg2 30. Rg1 Qxf2 31. Nxf7 Kf8 32. Nxg5 Qe3 33. Ne6+ Ke7 34. Kc2 Qd2+ 35. Kb1 Be4+ 36. Ka1 Ba3 37. Rb1 Bxb1 38. Rxb1 Bd6 39. Rg1 a4 40. Nc5 a3 41. Na4 c5 42. Rg7+ Kf6 43. Rd7 Bh2 44. Nec3 Qc1+ 45. Ka2 cxd4 46. Rxd4 Be5 47. Rd1 Qc2+ 48. Kxa3 Bxc3 49. Nxc3 Qxc3 50. Rd3 Qa5+ 51. Kb2 Qe5+ 52. Kc2 Qa1 53. b4 Qa4+ 54. Kc3 Qa3+ 55. Bb3 Ke5 56. Rd5+ Ke4 57. b5 Qa5+ 58. Kc4 Kf4 59. Rd3 Ke4 60. Rd4+ Ke5 61. Rg4 Qa1 62. Kb4 Qe1+ 63. Kc5 Qe3+ 64. Kc6 Qxb3 65. b6 Qxh3 66. Rg5+ Ke6 67. Rg6+ Kf7 68. Rd6 Qc8+ 69. Kb5 h3 70. Rc6 Qxc6+ 71. Kxc6 h2 72. b7 h1Q+ 73. Kc7 Qc1+ 74. Kb6 Qb2+ 75. Kc7 Qc3+ 76. Kd7 Qb4 77. Kc7 Qc5+ 78. Kb8 Qa5 79. Kc8 Qa6 80. Kc7 Ke7 81. b8Q 1/2-1/2

[Event "Stuttgart-chA int"]
[Site "Ditzingen"]
[Date "2009.05.22"]
[Round "4"]
[White "Leroy, Patrick"]
[Black "Braeunlin, Klaus"]
[Result "1/2-1/2"]
[WhiteElo "1900"]
[BlackElo "2109"]
[PlyCount "85"]
[EventDate "2009.05.21"]
[EventType "swiss"]
[EventRounds "7"]
[EventCountry "GER"]
[SourceTitle "EXT 2018"]
[Source "ChessBase"]
[SourceDate "2017.10.13"]
[SourceVersion "1"]
[SourceVersionDate "2017.10.13"]
[SourceQuality "1"]

1. e4 c6 2. d4 d5 3. Nc3 g6 4. h3 dxe4 5. Nxe4 Bg7 6. Nf3 Nd7 7. c3 Ngf6 8. Ng3 0-0 9. Bd3 Qc7 10. 0-0 e5 11. Re1 exd4 12. Nxd4 a6 13. Qf3 Ne5 14. Qd1 Nxd3 15. Qxd3 c5 16. Nf3 Be6 17. Ng5 Bd5 18. Be3 Rad8 19. Qc2 b6 20. N5e4 Nxe4 21. Nxe4 h6 22. Rad1 f5 23. Rxd5 Rxd5 24. Qb3 Qf7 25. c4 Rd7 26. Nc3 f4 27. Bc1 b5 28. Ne4 Bd4 29. Qa3 Kg7 30. Nxc5 Bxc5 31. Qxc5 Qxc4 32. Qb6 b4 33. b3 Qc3 34. Rf1 Rf6 35. Qb8 g5 36. Qe8 Rfd6 37. Qe2 Qd3 38. Qe5+ Kh7 39. Bb2 Qd5 40. Qh8+ Kg6 41. Qe8+ Qf7 42. Qe4+ Qf5 43. Qe8+ 1/2-1/2

[Event "Stuttgart-chA int"]
[Site "Ditzingen"]
[Date "2009.05.21"]
[Round "3"]
[White "Schnepel, Thomas"]
[Black "Leroy, Patrick"]
[Result "0-1"]
[WhiteElo "1982"]
[BlackElo "1900"]
[PlyCount "102"]
[EventDate "2009.05.21"]
[EventType "swiss"]
[EventRounds "7"]
[EventCountry "GER"]
[SourceTitle "EXT 2018"]
[Source "ChessBase"]
[SourceDate "2017.10.13"]
[SourceVersion "1"]
[SourceVersionDate "2017.10.13"]
[SourceQuality "1"]

1. e4 g6 2. d4 Bg7 3. Nc3 d6 4. Be3 Nf6 5. f3 0-0 6. Qd2 Nbd7 7. 0-0-0 a6 8. g4 e5 9. h4 b5 10. h5 Bb7 11. hxg6 fxg6 12. Bh6 exd4 13. Qxd4 Bxh6+ 14. Rxh6 Ne5 15. Bh3 Kg7 16. g5 Ng8 17. Qe3 Nxh6 18. gxh6+ Kh8 19. f4 Nc4 20. Qg3 Qf6 21. Nge2 Bxe4 22. b3 b4 23. bxc4 bxc3 24. Rd4 Bf5 25. Bg2 Rab8 26. Qxc3 Rfe8 27. Kd2 Re7 28. Bc6 Kg8 29. c5 Rbe8 30. Ng3 Kf8 31. Qc4 Qe6 32. Qxe6 Bxe6 33. a4 a5 34. Ne4 Bf5 35. cxd6 cxd6 36. c4 Bxe4 37. Bxe4 Rc7 38. Kd3 Ke7 39. Rd5 Rc5 40. Kd4 Rec8 41. Rxc5 Rxc5 42. Bd5 Kf6 43. Bg8 Rh5 44. Bxh7 Rxh6 45. Bg8 Rh4 46. Kd5 Ke7 47. Kc6 Rxf4 48. Kb5 Rf5+ 49. Bd5 Rxd5+ 50. cxd5 g5 51. Kxa5 g4 0-1

[Event "Stuttgart-chB int"]
[Site "Gerlingen"]
[Date "2007.05.19"]
[Round "5"]
[White "Belzner, Jonas"]
[Black "Leroy, Patrick"]
[Result "1-0"]
[WhiteElo "1591"]
[BlackElo "1770"]
[PlyCount "75"]
[EventDate "2007.05.17"]
[EventType "swiss"]
[EventRounds "7"]
[EventCountry "GER"]
[SourceTitle "EXT 2018"]
[Source "ChessBase"]
[SourceDate "2017.10.13"]
[SourceVersion "1"]
[SourceVersionDate "2017.10.13"]
[SourceQuality "1"]

1. d4 g6 2. Nf3 Bg7 3. c4 Nf6 4. Nc3 d6 5. g3 0-0 6. Bg2 c6 7. 0-0 Qc7 8. h3 Rd8 9. e4 Nbd7 10. d5 Nb6 11. Nd2 e6 12. Re1 Nfd7 13. Qe2 Bxc3 14. bxc3 e5 15. Qe3 c5 16. Qg5 Rf8 17. Qe7 f6 18. Nf3 Rf7 19. Qe8+ Nf8 20. Qb5 Bd7 21. Qb3 Ba4 22. Qa3 Qd7 23. Bf1 f5 24. Kg2 fxe4 25. Ng5 Re7 26. Nxe4 Kg7 27. Bg5 Rf7 28. Bd3 h6 29. Be3 Nh7 30. Qc1 g5 31. h4 gxh4 32. Bxh6+ Kh8 33. Rh1 Qf5 34. Qe3 hxg3 35. fxg3 Qd7 36. Ng5 Nxg5 37. Qxg5 Qd8 38. Bf8+ 1-0